000 00436nam a2200181Ia 4500
001 13622
005 20260306164814.0
008 260306t2013||||xx |||||||||||||| ||spa||
041 _aESP
082 _a005.1
_bK447
100 _aKirk, David B.
_eAUT
245 0 _aProgramming massively parallel processors:
_ba hands-on approach
260 _c2013
300 _a
_c
650 _aGEN
654 _aCCC
942 _cLIB
_dJUS
_fJUS
_2ddc
_n
999 _c13622
_d13622